<?xml version="1.0" encoding="UTF-8"?>
<record
    xmlns:xsi="http://www.w3.org/2001/XMLSchema-instance"
    xsi:schemaLocation="http://www.loc.gov/MARC21/slim http://www.loc.gov/standards/marcxml/schema/MARC21slim.xsd"
    xmlns="http://www.loc.gov/MARC21/slim">

  <leader>02881cam a2200313 a 4500</leader>
  <controlfield tag="001">15558630</controlfield>
  <controlfield tag="005">20091209201150.0</controlfield>
  <controlfield tag="008">081216s2009    flua   |rb    001 0 eng  </controlfield>
  <datafield tag="010" ind1=" " ind2=" ">
    <subfield code="a">  2008053175</subfield>
  </datafield>
  <datafield tag="020" ind1=" " ind2=" ">
    <subfield code="a">9781420073164</subfield>
  </datafield>
  <datafield tag="020" ind1=" " ind2=" ">
    <subfield code="a">1420073168</subfield>
  </datafield>
  <datafield tag="035" ind1=" " ind2=" ">
    <subfield code="a">(OCoLC)ocn226357471</subfield>
  </datafield>
  <datafield tag="040" ind1=" " ind2=" ">
    <subfield code="a">DLC</subfield>
    <subfield code="c">DLC</subfield>
    <subfield code="d">BTCTA</subfield>
    <subfield code="d">BAKER</subfield>
    <subfield code="d">YDXCP</subfield>
    <subfield code="d">C#P</subfield>
    <subfield code="d">OCLCA</subfield>
    <subfield code="d">CDX</subfield>
    <subfield code="d">BWX</subfield>
    <subfield code="d">PMC</subfield>
    <subfield code="d">DLC</subfield>
  </datafield>
  <datafield tag="050" ind1="0" ind2="0">
    <subfield code="a">TD196.M4</subfield>
    <subfield code="b">H4325 2009</subfield>
  </datafield>
  <datafield tag="082" ind1="0" ind2="0">
    <subfield code="a">628.52</subfield>
    <subfield code="2">22</subfield>
    <subfield code="b">MET</subfield>
  </datafield>
  <datafield tag="245" ind1="0" ind2="0">
    <subfield code="a">Heavy Metals in the Environment /</subfield>
    <subfield code="c">edited by Lawrence K. Wang ... [et al.].</subfield>
  </datafield>
  <datafield tag="260" ind1=" " ind2=" ">
    <subfield code="a">Boca Raton :</subfield>
    <subfield code="b">CRC Press, 2009</subfield>
    <subfield code="c">c2009.</subfield>
  </datafield>
  <datafield tag="300" ind1=" " ind2=" ">
    <subfield code="a">xii, 514 p. :</subfield>
    <subfield code="b">ill. ;</subfield>
    <subfield code="c">27 cm.</subfield>
  </datafield>
  <datafield tag="490" ind1="1" ind2=" ">
    <subfield code="a">Advances in Industrial and Hazardous Wastes Treatment Series</subfield>
  </datafield>
  <datafield tag="504" ind1=" " ind2=" ">
    <subfield code="a">Includes bibliographical references and index.</subfield>
  </datafield>
  <datafield tag="505" ind1="0" ind2=" ">
    <subfield code="a">Metal research trends in the environmental field / Yuh-Shan Ho and Mohammad I. El-Khaiary -- Toxicity and sources of Pb, Cd, Hg, Cr, As, and radionuclides in the environment / Ghinwa M. Naja and Bohumil Volesky -- Environmental behavior and effects of engineered metal and metal oxide nanoparticles / Bernd Nowack -- Heavy metal removal with exopolysaccharide-producing cyanobacteria / Roberto De Philippis and Ernesto Micheletti -- Environmental geochemistry of high-arsenic aquifer systems / Yanxin Wang and Yamin Deng -- Nanotechnology application in metal ion adsorption / Xiangke Wang and Changlun Chen -- Biosorption of metals onto granular sludge / Shu Guang Wang ... [et al.] -- Arsenic pollution : occurrence, distribution, and technologies / Huijuan Liu ... [et al.] -- Treatment of metal-bearing effluents : removal and recovery / Ghinwa M. Naja and Bohumil Volesky -- Management and treatment of acid pickling wastes containing heavy metals / Lawrence K. Wang, Veysel Eroglu, and Ferruh Erturk -- Treatment and management of metal finishing industry wastes / Nazih K. Shammas and Lawrence K. Wang -- Recycling and disposal of hazardous solid wastes containing heavy metals and other toxic substances / Lawrence K. Wang -- Management and removal of heavy metals from contaminated soil ; Remediation of metal finishing brownfield sites / Nazih K. Shammas -- Control, management, and treatment of metal emissions from motor vehicles / Rajasekhar Balasubramanian, Jun He, and Lawrence K. Wang.</subfield>
  </datafield>
  <datafield tag="650" ind1=" " ind2="0">
    <subfield code="a">Heavy metals</subfield>
    <subfield code="x">Environmental aspects.</subfield>
    <subfield code="9">13038</subfield>
  </datafield>
  <datafield tag="700" ind1="1" ind2=" ">
    <subfield code="a">Wang, Lawrence K.</subfield>
    <subfield code="9">13039</subfield>
  </datafield>
  <datafield tag="830" ind1=" " ind2="0">
    <subfield code="a">Advances in industrial and hazardous wastes treatment series.</subfield>
    <subfield code="9">13040</subfield>
  </datafield>
  <datafield tag="856" ind1="4" ind2="2">
    <subfield code="3">Publisher description</subfield>
    <subfield code="u">http://www.loc.gov/catdir/enhancements/fy0904/2008053175-d.html</subfield>
  </datafield>
  <datafield tag="942" ind1=" " ind2=" ">
    <subfield code="2">ddc</subfield>
    <subfield code="c">BB</subfield>
  </datafield>
  <datafield tag="999" ind1=" " ind2=" ">
    <subfield code="c">13760</subfield>
    <subfield code="d">13760</subfield>
  </datafield>
  <datafield tag="952" ind1=" " ind2=" ">
    <subfield code="0">0</subfield>
    <subfield code="1">0</subfield>
    <subfield code="2">ddc</subfield>
    <subfield code="4">0</subfield>
    <subfield code="7">0</subfield>
    <subfield code="8">Alahram</subfield>
    <subfield code="a">MAIN</subfield>
    <subfield code="b">MAIN</subfield>
    <subfield code="c">1ST</subfield>
    <subfield code="d">2010-03-23</subfield>
    <subfield code="e">purchase</subfield>
    <subfield code="g">646.50</subfield>
    <subfield code="h">27</subfield>
    <subfield code="l">2</subfield>
    <subfield code="m">30</subfield>
    <subfield code="o">628.52 MET</subfield>
    <subfield code="p">000018377</subfield>
    <subfield code="r">2025-07-15 00:00:00</subfield>
    <subfield code="s">2016-10-05</subfield>
    <subfield code="y">BB</subfield>
  </datafield>
</record>
